[Event "6th HIT Open"]
[Site "Nova Gorica SLO"]
[Date "2001.01.31"]
[Round "7"]
[White "Moreda,L"]
[Black "Tonon,A"]
[Result "1-0"]
[WhiteElo "2309"]
[BlackElo "2175"]

1.e4 c5 2.c3 Nf6 3.e5 Nd5 4.d4 cxd4 5.Nf3 Nc6 6.cxd4 e6 7.Nc3 d6 8.exd6 Bxd6
9.Bd3 O-O 10.O-O Bd7 11.Ne4 Be7 12.a3 Qb6 13.Bc2 Rfd8 14.Qd3 Qa6 15.Qxa6 bxa6
16.Bd2 a5 17.Rfc1 Rab8 18.Rab1 Rdc8 19.Bd3 Be8 20.Rc2 Rb3 21.Bc4 Rb6 22.Rbc1 Rcb8
23.Nc3 Rxb2 24.Nxd5 exd5 25.Bxd5 Rxc2 26.Rxc2 Rb1+ 27.Rc1 Rxc1+ 28.Bxc1 Bf6
29.Bb2 Ne7 30.Bc4 Bc6 31.Ne5 Bd5 32.Bxd5 Nxd5 33.Nc6 a4 34.Kf1 Kf8 35.Ke2 Nf4+
36.Kf3 Nd3 37.Bc3 Nc1 38.Ke4 Ke8 39.Nxa7 Kd7 40.Bb2 Ne2 41.Ke3 Ng1 42.Nb5 Be7
43.f4 Bf6 44.Nc3 Kc6 45.d5+  1-0

[Event "80th Ann. FSI"]
[Site "FICS INT"]
[Date "2001.02.01"]
[Round "7"]
[White "Bentivegna,F"]
[Black "Alaimo,R"]
[Result "1/2-1/2"]
[WhiteElo "2116"]
[BlackElo "2176"]

1.e4 c5 2.c3 Nf6 3.e5 Nd5 4.d4 cxd4 5.cxd4 d6 6.Bc4 Nb6 7.Bb5+ Bd7 8.e6 fxe6
9.Bd3 g6 10.h4 Bg7 11.Nf3 Nc6 12.h5 Nb4 13.hxg6 Nxd3+ 14.Qxd3 Qc7 15.Nc3 O-O-O
16.Rxh7 Rxh7 17.gxh7 Bf6 18.Be3 Kb8 19.Rc1 Qc4 20.Ke2 Qxd3+ 21.Kxd3 Rh8 22.Rh1 e5
23.dxe5 Bf5+ 24.Ke2 dxe5 25.Bxb6 axb6 26.Nd5 Rxh7 27.Rxh7 Bxh7 28.Nxf6 exf6
29.Nh4 Kc7 30.g4 Kd6 31.Ke3 Kd5 32.Nf3 b5 33.g5 f5 34.Nh4 f4+ 35.Kf3 Be4+
36.Ke2 Ke6 37.f3 Bb1 38.a3  1/2-1/2

[Event "6th HIT Open"]
[Site "Nova Gorica SLO"]
[Date "2001.02.02"]
[Round "9"]
[White "Skok,J"]
[Black "Zufic,M"]
[Result "0-1"]
[WhiteElo "2079"]
[BlackElo "2240"]

1.e4 c5 2.c3 Nf6 3.e5 Nd5 4.d4 cxd4 5.Nf3 d6 6.cxd4 e6 7.Nc3 Nxc3 8.bxc3 Qc7
9.Bd2 Bd7 10.Bd3 Bc6 11.O-O Nd7 12.Re1 dxe5 13.Nxe5 Nxe5 14.Rxe5 Bd6 15.Rh5 g6
16.Rh4 Qe7 17.Qg4 h5 18.Qg5 Qxg5 19.Bxg5 Be7 20.Bxe7 Kxe7 21.f4 Rac8 22.Rh3 Bd5
23.Bc2 Rhd8 24.Bb3 Bc4 25.Kf2 Rd5 26.Rb1 Rb5 27.Ke1 a5 28.Kd2 a4 29.Bc2 Rxb1
30.Bxb1 a3 31.Rf3 Rc6 32.Kc1 Bd5 33.Re3 Bxg2 34.Bc2 Kf6 35.Bb3 Kf5 36.Kd2 Kxf4
37.Re5 g5 38.Rb5 b6 39.c4 h4 40.Re5 g4 41.Rh5 h3 42.Ke2 Rd6 43.d5 exd5 44.cxd5 f5
45.Kf2 Bxd5  0-1

[Event "1st Mario Covas"]
[Site "Santos BRA"]
[Date "2001.02.05"]
[Round "8"]
[White "Matsuura,E"]
[Black "Milos,G"]
[Result "0-1"]
[WhiteElo "2452"]
[BlackElo "2608"]

1.e4 c5 2.c3 Nf6 3.e5 Nd5 4.d4 cxd4 5.Nf3 e6 6.cxd4 d6 7.Bc4 Nc6 8.O-O Be7
9.Qe2 O-O 10.Rd1 Nb6 11.exd6 Qxd6 12.Bb3 Nd5 13.Nc3 Rd8 14.Ng5 h6 15.Nge4 Qc7
16.Qh5 Nxc3 17.bxc3 Qa5 18.d5 exd5 19.Bxh6 g6 20.Qf3 Bf5 21.Ng3 Be6 22.Re1 Kh7
23.Bd2 Kg7 24.Qf4 Rh8 25.c4 Bb4 26.Bxb4 Qxb4 27.Rab1 dxc4 28.Ba4 Qe7 29.Bxc6 bxc6
30.Ne4 Bd5 31.Rb7 Rh4 32.Qg3 Qxb7 33.Qxh4 Re8 34.Qf6+ Kg8 35.f3 Qb6+ 36.Kf1 Bxe4
37.fxe4 Qc5 38.Qc3 Rd8 39.Rc1 Qg5 40.Rb1 Qf4+ 41.Qf3 Qd2 42.Qe2 c3  0-1

[Event "ch-ROM"]
[Site "Baile Tusnad ROM"]
[Date "2001.02.06"]
[Round "2"]
[White "Vajda,L"]
[Black "Cosma,I"]
[Result "1/2-1/2"]
[WhiteElo "2454"]
[BlackElo "2468"]

1.e4 c5 2.c3 Nf6 3.e5 Nd5 4.d4 cxd4 5.Nf3 Nc6 6.Bc4 Nb6 7.Bb3 d5 8.exd6 Qxd6
9.Na3 dxc3 10.Qxd6 exd6 11.Nb5 Rb8 12.bxc3 Be7 13.Bf4 O-O 14.O-O Be6 15.Bxe6 fxe6
16.Bxd6  1/2-1/2

[Event "FSGM February"]
[Site "Budapest HUN"]
[Date "2001.02.10"]
[Round "7"]
[White "Estrada Nieto,J"]
[Black "Szieberth,A"]
[Result "1/2-1/2"]
[WhiteElo "2372"]
[BlackElo "2400"]

1.e4 c5 2.c3 Nf6 3.e5 Nd5 4.Nf3 Nc6 5.d4 cxd4 6.cxd4 d6 7.Bc4 Nb6 8.Bb5 dxe5
9.Nxe5 Bd7 10.Nxd7 Qxd7 11.Nc3 e6 12.Qg4 a6 13.Bxc6 Qxc6 14.O-O  1/2-1/2

[Event "Open"]
[Site "Fajr IRI"]
[Date "2001.02.10"]
[Round "8"]
[White "Karimi,H"]
[Black "Afshari,M"]
[Result "0-1"]
[WhiteElo "2122"]
[BlackElo "2248"]

1.e4 c5 2.c3 Nf6 3.e5 Nd5 4.Nf3 e6 5.d4 cxd4 6.cxd4 b6 7.Nc3 Nxc3 8.bxc3 Qc7
9.Bd2 Bb7 10.Bd3 d6 11.O-O Nd7 12.exd6 Bxd6 13.Re1 O-O 14.h3 Rfe8 15.Rc1 e5
16.Nh4 Ba3 17.Rc2 exd4 18.cxd4 Rxe1+ 19.Bxe1 Qd8 20.Nf3 Nf6 21.Bd2 Qd6 22.Bg5 Nd5
23.Be4 Re8 24.Nd2 Bb4 25.Nc4 Qb8 26.Qd3 h6 27.Bc1 Nf6  0-1

[Event "12th Goodricke Open"]
[Site "Calcutta IND"]
[Date "2001.02.13"]
[Round "8"]
[White "Gallagher,Jo"]
[Black "Sandipan,C"]
[Result "1/2-1/2"]
[WhiteElo "2519"]
[BlackElo "2431"]

1.e4 c5 2.c3 Nf6 3.e5 Nd5 4.d4 cxd4 5.Nf3 e6 6.cxd4 b6 7.Bd3 Bb4+ 8.Bd2 Bxd2+
9.Qxd2 Ba6 10.Be4 Nc6 11.Bxd5 exd5 12.Nc3 Nb4 13.Nb5 Nc2+ 14.Qxc2 Bxb5 15.Qb3 Bc4
16.Qa3 Rc8 17.Rc1 Qe7 18.Qxe7+ Kxe7 19.a3 Bd3 20.Kd2  1/2-1/2

[Event "12th Goodricke Open"]
[Site "Calcutta IND"]
[Date "2001.02.14"]
[Round "9"]
[White "Kharlov,A"]
[Black "Gallagher,Jo"]
[Result "1-0"]
[WhiteElo "2639"]
[BlackElo "2519"]

1.e4 c5 2.c3 Nf6 3.e5 Nd5 4.d4 cxd4 5.cxd4 d6 6.Nf3 Nc6 7.Bc4 e6 8.O-O Be7
9.a3 O-O 10.Re1 Qc7 11.Bd3 dxe5 12.dxe5 Rd8 13.Qe2 g6 14.Bd2 b6 15.Nc3 Nxc3
16.Bxc3 Bb7 17.h4 Rd7 18.h5 Rad8 19.Bb5 Qc8 20.Qe3 a6 21.Bf1 Bc5 22.Qf4 Ne7
23.hxg6 hxg6 24.Ng5 Nf5 25.g4 Nh6 26.Bg2 Rd3 27.Ne4 Bxe4 28.Bxe4 Rh3 29.Rad1 Rh4
30.Bf3 Be7 31.Kg2 Rxd1 32.Rxd1 Qc7  1-0

[Event "5th Open"]
[Site "D'Agneaux Saint Lo FRA"]
[Date "2001.02.15"]
[Round "3"]
[White "Berelovich,A"]
[Black "Le Fournier,P"]
[Result "1-0"]
[WhiteElo "2519"]
[BlackElo "2156"]

1.e4 c5 2.c3 Nf6 3.e5 Nd5 4.d4 cxd4 5.Nf3 e6 6.cxd4 d6 7.a3 Be7 8.Bd3 dxe5
9.dxe5 Bd7 10.O-O Bc6 11.Nd4 Nc7 12.Be3 Qd5 13.Nf3 Bb5 14.Bxb5+ Qxb5 15.Nc3 Qa6
16.Qd4 O-O 17.Rad1 Nc6 18.Qg4 Rfd8 19.Bh6 Ne8 20.h4 Qa5 21.Rde1 Rd3 22.h5 Kh8
23.Bc1 Rad8 24.h6 g6 25.Bg5 Rxf3  1-0

[Event "ch-ROM Women"]
[Site "Baile Tusnad ROM"]
[Date "2001.02.18"]
[Round "11"]
[White "Jicman,L"]
[Black "Cosma,E"]
[Result "0-1"]
[WhiteElo "2231"]
[BlackElo "2343"]

1.e4 c5 2.c3 Nf6 3.e5 Nd5 4.d4 cxd4 5.Nf3 Nc6 6.cxd4 d6 7.exd6 Qxd6 8.Nc3 Bg4
9.Be2 e6 10.O-O Be7 11.a3 O-O 12.Be3 Rac8 13.Qd2 Rfd8 14.Rac1 Nxc3 15.Rxc3 e5
16.Rd1 Bxf3 17.Bxf3 exd4 18.Bxd4 Bf6 19.Bxc6 Qxd4 20.Qxd4 Bxd4  0-1

[Event "ENG-GER match women"]
[Site "Battle Abbey ENG"]
[Date "2001.02.18"]
[Round "2"]
[White "Richards,H"]
[Black "Heymann,U"]
[Result "1-0"]
[WhiteElo "2133"]
[BlackElo "2216"]

1.e4 c5 2.c3 Nf6 3.e5 Nd5 4.Nf3 e6 5.d4 cxd4 6.cxd4 d6 7.Bc4 Bd7 8.Qe2 Bc6
9.O-O Nd7 10.Re1 dxe5 11.dxe5 Bc5 12.a3 a5 13.Bd2 Qc7 14.Bd3 Ba7 15.Nc3 Nxc3
16.Bxc3 O-O 17.Bxh7+ Kxh7 18.Ng5+ Kg8 19.Qh5 Rfe8 20.Qxf7+ Kh8 21.Rad1 Bxf2+
22.Qxf2 Nf8 23.Rd3 Kg8 24.Qh4 g6 25.Rh3 Qg7 26.Rf1 Re7 27.b4 Rc8 28.bxa5 Bd5
29.Bb4 Rec7 30.Ne4 Rf7 31.Rxf7 Rc1+ 32.Rf1 Rxf1+ 33.Kxf1 Qxe5 34.Nf6+  1-0

[Event "Open"]
[Site "Coria del Rio ESP"]
[Date "2001.02.21"]
[Round "8"]
[White "Nuevo Perez,A"]
[Black "Teran Alvarez,I"]
[Result "1/2-1/2"]
[WhiteElo "2255"]
[BlackElo "2356"]

1.e4 c5 2.c3 Nf6 3.e5 Nd5 4.g3 d6 5.exd6 e6 6.Bg2 Bxd6 7.Ne2 O-O 8.d4 Nc6
9.O-O cxd4 10.Nxd4 Nxd4 11.Qxd4 Qc7 12.Nd2 Bd7 13.Ne4 Bb5 14.Re1 Be7 15.b3 Rfd8
16.c4 Nb4 17.Qc3 Nd3 18.Rd1 Nxc1 19.Raxc1 Bc6 20.Qc2 a6 21.Nc3 Rac8 22.Bxc6 Qxc6
23.Qe4 Qxe4 24.Nxe4 f5 25.Nc3 Rxd1+ 26.Nxd1 Rd8 27.Nc3 Rd2 28.Re1 Bb4 29.Na4 b5
30.cxb5 axb5 31.Nb6 Rd6 32.Nc8 Rc6 33.a3 Bc5 34.b4 Kf7 35.bxc5 Rxc8 36.Rc1 Rc6
37.f4 Kf6 38.Kf2 e5 39.Ke3 Ke6 40.Kd3 exf4 41.gxf4 Kd5 42.Re1 Kxc5 43.Re5+ Kb6
44.Rxf5 Rh6 45.Rg5 g6 46.Kc3 Rxh2 47.f5 Rh3+ 48.Kb4 Rh4+ 49.Kb3 Rh6 50.fxg6 Rxg6
51.Rh5 h6 52.Kb4 Ka6 53.Rh4 Rb6 54.a4 bxa4+ 55.Kxa4 Kb7 56.Ka5 Kc7 57.Rc4+ Kb7
58.Rh4  1/2-1/2

[Event "8th Metalis Open"]
[Site "Bizovac CRO"]
[Date "2001.02.23"]
[Round "4"]
[White "Stevic,H"]
[Black "Filipovic,Ma"]
[Result "1-0"]
[WhiteElo "2464"]
[BlackElo "2261"]

1.e4 c5 2.c3 Nf6 3.e5 Nd5 4.Nf3 e6 5.Bc4 Nb6 6.Bb3 d5 7.d4 Nc6 8.Nbd2 Nd7
9.O-O b5 10.Re1 a5 11.a4 Ba6 12.axb5 Bxb5 13.c4 dxc4 14.Bxc4 Bxc4 15.Nxc4 Nb4
16.Bg5 Qc7 17.d5 Ra6 18.dxe6 fxe6 19.Bf4 Qc6 20.Qe2 Be7 21.Nd6+ Bxd6 22.exd6 O-O
23.Qxe6+ Kh8 24.Ne5 Nxe5 25.Bxe5 Nd3 26.Qe7 Rg8 27.d7 Raa8 28.Red1 c4 29.Rxa5 Rxa5
30.Qxg7+  1-0

[Event "ENG-GER match women"]
[Site "Battle Abbey ENG"]
[Date "2001.02.24"]
[Round "10"]
[White "Richards,H"]
[Black "Koglin,A"]
[Result "1-0"]
[WhiteElo "2133"]
[BlackElo "2279"]

1.e4 c5 2.c3 Nf6 3.e5 Nd5 4.Nf3 e6 5.d4 cxd4 6.cxd4 d6 7.Bc4 Nb6 8.Bd3 Nc6
9.Qe2 Nb4 10.Bb5+ Bd7 11.Nc3 d5 12.Bg5 Bxb5 13.Nxb5 Qd7 14.Rc1 Nc6 15.O-O a6
16.Nc3 h6 17.Bf4 Be7 18.Rfe1 Qd8 19.Qd2 Rc8 20.Nd1 Bb4 21.Nc3 Na4 22.a3 Bxc3
23.bxc3 b5 24.Qe3 Na5 25.Nd2 Nc4 26.Qg3 g5 27.Nxc4 Rxc4 28.Bd2 Rg8 29.f4 Kd7
30.fxg5 hxg5 31.Rf1 Rg7 32.h4 g4 33.Rf6 Kc8 34.Rcf1 Rc7 35.h5 Qg8 36.h6 Rg6
37.Rxg6 Qxg6 38.Rf6 Qh5 39.Qh2  1-0

[Event "Open"]
[Site "Cappelle la Grande FRA"]
[Date "2001.02.27"]
[Round "5"]
[White "Bergez,L"]
[Black "Palliser,R"]
[Result "1-0"]
[WhiteElo "2426"]
[BlackElo "2277"]

1.e4 c5 2.c3 Nf6 3.e5 Nd5 4.d4 cxd4 5.Nf3 e6 6.cxd4 d6 7.a3 Bd7 8.Bd3 Bc6
9.O-O Nd7 10.Nbd2 dxe5 11.dxe5 Nc5 12.Bc4 Nb6 13.b4 Nd3 14.Qb3 Nxc4 15.Nxc4 Nxc1
16.Raxc1 Bd5 17.Qa4+ Qd7 18.Qxd7+ Kxd7 19.Ne3 Be7 20.Rfd1 Rhd8 21.Nxd5 exd5
22.Rxd5+ Ke6 23.Rxd8 Rxd8 24.h3 Rd3 25.Rc7 Rd7 26.Rc3 Bd8 27.Kf1 h6 28.Ke2 Bc7
29.Rc5 b6 30.Nd4+ Ke7 31.Nc6+ Ke6 32.Rc3 g5 33.g3 a5 34.f4 gxf4 35.gxf4 f6
36.f5+ Kxf5 37.Rf3+ Ke4 38.e6  1-0

[Event "ch-UKR Women"]
[Site "Kramatorsk UKR"]
[Date "2001.03.03"]
[Round "8"]
[White "Dolzhikova,O"]
[Black "Litinskaya,M"]
[Result "1/2-1/2"]
[WhiteElo "2198"]
[BlackElo "2374"]

1.e4 c5 2.c3 Nf6 3.e5 Nd5 4.Nf3 e6 5.d4 cxd4 6.cxd4 b6 7.Bd3 Be7 8.O-O Ba6
9.Nc3 Nxc3 10.bxc3 Bxd3 11.Qxd3 O-O 12.d5 exd5 13.Qxd5 Nc6 14.Rd1 Qc7 15.Bf4 Rad8
16.Rd3 h6 17.Nd2 Bg5 18.Bxg5 hxg5 19.Nc4 Rfe8 20.Re3 Re6 21.Rd1 Ne7 22.Qd3 Ng6
23.Qd4 b5 24.Nd6 Rb8 25.g3 Rb6 26.Qd5 Qb8 27.c4 bxc4 28.Nxc4 Rb1 29.Qxd7 Nxe5
30.Nxe5 Rxe5 31.Rxe5  1/2-1/2

[Event "Tch-NED"]
[Site "NED"]
[Date "2001.03.03"]
[Round "5"]
[White "Van de Oudeweetering,A"]
[Black "Gustafsson,J"]
[Result "1/2-1/2"]
[WhiteElo "2388"]
[BlackElo "2535"]

1.e4 c5 2.c3 Nf6 3.e5 Nd5 4.d4 cxd4 5.Nf3 Nc6 6.Bc4 Nb6 7.Bb3 d6 8.exd6 Qxd6
9.O-O Be6 10.Bxe6 Qxe6 11.Nxd4 Nxd4 12.Qxd4 Rd8 13.Qh4 h5 14.h3 Qc4 15.Qg3 h4
16.Qf3 Qd5 17.Nd2 Qxf3 18.Nxf3 e6 19.a4 Nd5 20.a5 a6 21.Ra4 Be7 22.Re1 Bf6
23.Bg5 Bxg5 24.Nxg5 Rh5 25.Nf3 Ne7 26.Rb4 Rd7 27.Re5 Rh8 28.Rc5 Nc6 29.Rg4 g6
30.Kf1 Rd1+ 31.Ke2 Rb1 32.b4 Rb2+ 33.Ke1 Rb1+ 34.Ke2 Rb2+ 35.Ke1 Rb1+ 36.Ke2  1/2-1/2

[Event "Belgian Interteams 2000-1"]
[Site "BEL"]
[Date "2001.03.04"]
[Round "13"]
[White "Riemens,A"]
[Black "Lacroix,B"]
[Result "0-1"]
[WhiteElo "2210"]
[BlackElo "2118"]

1.e4 c5 2.c3 Nf6 3.e5 Nd5 4.d4 cxd4 5.cxd4 d6 6.Nf3 e6 7.a3 Nc6 8.Bd3 g6
9.O-O Bg7 10.Re1 O-O 11.Bg5 Qc7 12.Qc1 dxe5 13.Nc3 Nxc3 14.bxc3 exd4 15.cxd4 Qd6
16.Bh6 Nxd4 17.Bxg7 Nxf3+ 18.gxf3 Kxg7 19.Qb2+ f6 20.Red1 Qf4 21.Be4 e5 22.Rac1 Rf7
23.Kh1 Bf5 24.Qd2 Bxe4 25.Qxf4 exf4 26.fxe4 Re8 27.Rd4 Re5 28.Kg2 f5 29.exf5 Rexf5
30.Kf3 b5 31.Rc6 Rh5 32.Ra6 Rxh2 33.Rb4 Rh3+ 34.Kg4 Rc3 35.Rxf4 h5+  0-1

[Event "FSIMA March"]
[Site "Budapest HUN"]
[Date "2001.03.09"]
[Round "6"]
[White "Jamrich,G"]
[Black "Rajlich,V"]
[Result "0-1"]
[WhiteElo "2283"]
[BlackElo "2364"]

1.e4 c5 2.c3 Nf6 3.e5 Nd5 4.d4 cxd4 5.Nf3 e6 6.cxd4 b6 7.Nc3 Nxc3 8.bxc3 Qc7
9.Bd2 Bb7 10.Bd3 d6 11.O-O Nd7 12.Ng5 dxe5 13.Qh5 g6 14.Qh3 Be7 15.Rae1 a6
16.f4 Bxg5 17.fxg5 O-O 18.Re3 exd4 19.cxd4 Qd6 20.Qh4 Qd5 21.Rf2 f5 22.gxf6 Rxf6
23.Rh3 Rxf2 24.Qxh7+ Kf8 25.Bb4+ Nc5 26.Qh8+ Ke7 27.Qh4+ Rf6 28.Rf3 g5 29.Qh7+ Kd6
30.dxc5+ bxc5 31.Ba5 Rc8 32.Be1 Rcf8 33.Bg3+ e5 34.Qg7 Rxf3 35.gxf3 Rxf3
36.Qg6+ Qe6 37.Qh7 Qf7 38.Qh8 Rxd3 39.Qxe5+ Kc6 40.Qe4+ Rd5 41.a4 Kb6 42.a5+ Ka7
43.Qc2 Qf6 44.Be1 Rf5  0-1

[Event "Open"]
[Site "Bad Woerishofen GER"]
[Date "2001.03.15"]
[Round "1"]
[White "Woerl,R"]
[Black "Nenashev,A"]
[Result "0-1"]
[WhiteElo "2088"]
[BlackElo "2649"]

1.e4 c5 2.c3 Nf6 3.e5 Nd5 4.Bc4 Nb6 5.Bb3 d6 6.Nf3 c4 7.Ba4+ Nc6 8.Nd4 Nxa4
9.Qxa4 Bd7 10.e6 fxe6 11.Qxc4 Rc8 12.O-O e5 13.Ne6 Qb6 14.Ng5 Nd8 15.Qh4 g6
16.d4 exd4 17.cxd4 Bg7 18.Be3 Qxb2 19.Nd2 Bf5 20.Nge4 d5 21.Nc5 Bf6 22.Qh6 Rxc5
23.dxc5 d4 24.Nc4 Qb4 25.Bg5 Nf7 26.Nd6+ exd6 27.Rfe1+ Kd7 28.Re7+ Kxe7 29.Bxf6+ Kxf6
30.Qh4+ g5 31.Qh5 Re8 32.h4 Re1+ 33.Rxe1 Qxe1+ 34.Kh2 g4  0-1

[Event "TCh-SVK"]
[Site "SVK"]
[Date "2001.03.17"]
[Round "10"]
[White "Zambor,N"]
[Black "Biro,K"]
[Result "1-0"]
[WhiteElo "2240"]
[BlackElo "2237"]

1.e4 c5 2.c3 Nf6 3.e5 Nd5 4.Nf3 e6 5.d4 cxd4 6.cxd4 d6 7.a3 Nc6 8.Bd3 Bd7
9.O-O Rc8 10.Qe2 Qb6 11.Qe4 h6 12.Nbd2 Qc7 13.Re1 a6 14.Qxd5 exd5 15.exd6+  1-0

[Event "Open"]
[Site "Bad Woerishofen GER"]
[Date "2001.03.19"]
[Round "5"]
[White "Pirrot,D"]
[Black "Pelletier,Y"]
[Result "1/2-1/2"]
[WhiteElo "2445"]
[BlackElo "2548"]

1.e4 c5 2.c3 Nf6 3.e5 Nd5 4.d4 cxd4 5.Qxd4 e6 6.Nf3 Nc6 7.Qe4 f5 8.Qe2 b6
9.g3 Nc7 10.c4 Ba6 11.Nc3 Bb4 12.Bd2 Bxc3 13.Bxc3 b5 14.Bg2 bxc4 15.Rd1 O-O
16.h4 Rb8 17.Ng5 Ne7 18.Rd6 Bb7 19.Bxb7 Rxb7 20.Qd1 Qc8 21.Rxd7 Ncd5 22.Rd6 Nc7
23.Rd7 Ncd5 24.Rd6 Nc7  1/2-1/2

[Event "Open"]
[Site "Bled SLO"]
[Date "2001.03.24"]
[Round "1"]
[White "Piber,Vink"]
[Black "Kragelj,I"]
[Result "0-1"]
[WhiteElo "2020"]
[BlackElo "2264"]

1.e4 c5 2.c3 Nf6 3.e5 Nd5 4.d4 cxd4 5.Nf3 Nc6 6.cxd4 d6 7.Bc4 Nb6 8.Bb3 dxe5
9.Nxe5 Nxe5 10.dxe5 Qxd1+ 11.Kxd1 Bd7 12.Nc3 Bc6 13.Rg1 e6 14.Be3 Be7 15.Ke2 O-O
16.g4 Rfd8 17.f4 Bb4 18.f5 Bxc3 19.bxc3 Bb5+ 20.Kf2 Nc4 21.Bd4 b6 22.a4 Ba6
23.h4 Rac8 24.Rg3 Nd2 25.Bc2 Rxd4 26.cxd4 Rxc2 27.Ke1 Nc4 28.Rd1 Bb7 29.Rdd3 Bd5
30.Rc3 Ra2 31.g5 exf5 32.Rxc4 Bxc4 33.Rc3 Rxa4 34.d5 Kf8 35.d6 Ke8  0-1

[Event "56th ch-YUG"]
[Site "Herceg Novi YUG"]
[Date "2001.03.24"]
[Round "2"]
[White "Savic,Mio1"]
[Black "Ilincic,Z"]
[Result "0-1"]
[WhiteElo "2443"]
[BlackElo "2542"]

1.e4 c5 2.c3 Nf6 3.e5 Nd5 4.Nf3 Nc6 5.d4 cxd4 6.Bc4 Nb6 7.Bb3 d6 8.exd6 Qxd6
9.O-O Be6 10.Bxe6 Qxe6 11.Nxd4 Qd7 12.Nxc6 Qxd1 13.Rxd1 bxc6 14.a4 e5 15.a5 Nd5
16.Nd2 O-O-O 17.Nc4 f6 18.Be3 Rd7 19.a6 Be7 20.Na5 Nxe3 21.Rxd7 Kxd7 22.fxe3 e4
23.Ra4 f5 24.Rd4+ Kc7 25.Nb7 Kb6 26.Rd7 Re8 27.b4 Kxa6 28.Na5 c5 29.Nc6 Bf8
30.Nxa7 cxb4 31.cxb4 Bxb4 32.Nc6 Bc5 33.Kf2 Kb5 34.Nd4+ Bxd4 35.Rxd4 Kc6
36.Kg3 g5 37.h4 h6 38.Ra4 Kb5 39.Rd4 Kc5 40.Ra4 f4+ 41.Kf2 Kb5 42.Rd4 Re5
43.hxg5 hxg5 44.g3 f3 45.g4 Kc5 46.Kg3 Re7 47.Kf2 Re6 48.Kg3 Rf6 49.Kf2 Rf4
50.Kf1 Rxg4 51.Kf2 Rh4 52.Kg1 Kc6 53.Ra4 Rg4+ 54.Kf1 Kd5 55.Rd4+ Ke5 56.Ra4 Rg2
57.Ra5+ Kf6 58.Ra6+ Kf5 59.Ra5+ Kg4 60.Re5 Ra2 61.Kg1 Kh4 62.Rxe4+ Kg3  0-1

[Event "Belgian Interteams 2000-1"]
[Site "BEL"]
[Date "2001.03.25"]
[Round "11"]
[White "Van Houtte,T"]
[Black "Vanderstricht,G"]
[Result "1/2-1/2"]
[WhiteElo "2229"]
[BlackElo "2427"]

1.e4 c5 2.c3 Nf6 3.e5 Nd5 4.d4 cxd4 5.Nf3 e6 6.cxd4 d6 7.Bc4 Nb6 8.Bd3 Nc6
9.a3 dxe5 10.dxe5 Nd7 11.Bf4 Nc5 12.Bc2 Qxd1+ 13.Kxd1 a5 14.Nc3 Be7 15.Kd2 h6
16.h4 b6 17.Rad1 Ba6 18.Kc1 O-O 19.Nd4 Nxd4 20.Rxd4 Rfd8 21.Rxd8+ Rxd8 22.Be3 b5
23.g3 b4 24.axb4 axb4 25.Na4 Nd3+ 26.Bxd3 Bxd3 27.Rd1 Rc8+ 28.Kd2 Bc2 29.Rc1 b3
30.Nc3 Rd8+ 31.Ke2 Bb4 32.Bd2 Ra8 33.Nd1 Bf8 34.Ne3 Be4 35.Rc3 Rb8 36.Nc4 Bd5
37.Ne3 Bb7 38.Ke1 Be4 39.Ke2 h5 40.Nc4 Bc2 41.Ne3 Bb1 42.Nc4 Rb5 43.f4 Rb8
44.Na5 Ba2 45.Nc6 Rb7 46.Rc4 Rc7 47.Ba5 Rd7 48.Nd4 Ra7 49.Bb4 Ra4 50.Nc6 Bb1
51.Kd2 Bc2 52.Kc3 Ra1 53.Nd4 Bxb4+ 54.Kxb4 Rg1 55.Rc3 f6 56.exf6 gxf6 57.Nxe6 Rb1
58.Nd4 Rxb2 59.Nxb3 Kf7 60.Kc4 Bxb3+ 61.Rxb3 Rxb3 62.Kxb3 Ke6 63.Kc4 Kf5
64.Kd5 Kg4 65.Ke6 Kxg3 66.f5 Kxh4 67.Kxf6 Kg3 68.Kg5 h4 69.f6 h3 70.f7 h2
71.f8=Q h1=Q 72.Qf4+ Kg2 73.Qe4+ Kg1 74.Qxh1+  1/2-1/2

[Event "Open"]
[Site "Bled SLO"]
[Date "2001.03.26"]
[Round "3"]
[White "Sermek,D"]
[Black "Orel,O"]
[Result "1-0"]
[WhiteElo "2515"]
[BlackElo "2305"]

1.e4 c5 2.c3 Nf6 3.e5 Nd5 4.Nf3 Nc6 5.d4 cxd4 6.cxd4 d6 7.Bc4 e6 8.O-O Be7
9.Qe2 Nb6 10.Bb3 d5 11.Nc3 a6 12.Rd1 Bd7 13.Qe3 Rc8 14.Qf4 h6 15.h4 Nb4 16.a3 Nc6
17.h5 Bf8 18.Qg4 Ne7 19.Nh4 Nf5 20.Nxf5 exf5 21.Qg3 Be6 22.Na4 Nxa4 23.Bxa4+ b5
24.Bb3 Rg8 25.Bxh6 Kd7 26.Bg5 Qb6 27.Qf3 Qb7 28.Rac1 Be7 29.Bxe7 Kxe7 30.Qg3 g5
31.Rxc8 Qxc8 32.Qe3 f4 33.Qd2 Kf8 34.Rc1 Qd7 35.h6 Rh8 36.Qb4+ Kg8 37.Qa5 Rxh6
38.Qb6 g4 39.Qb8+ Kg7 40.Rc7 Rh8 41.Qxh8+ Kxh8 42.Rxd7 Bxd7 43.Bxd5 Kg7 44.b4 g3
45.fxg3 fxg3 46.Kf1 Bg4 47.Bf3 Be6 48.Ke2 f6 49.Ke3 fxe5 50.dxe5 Kg6 51.Kf4 Bd7
52.Be4+ Kh6 53.Bf5 Bc6 54.Kxg3 Kg5 55.Bc8  1-0

[Event "Open"]
[Site "Bled SLO"]
[Date "2001.03.27"]
[Round "4"]
[White "Vavpetic,V"]
[Black "Kukovec,B"]
[Result "1/2-1/2"]
[WhiteElo "2269"]
[BlackElo "2083"]

1.e4 c5 2.c3 Nf6 3.e5 Nd5 4.d4 cxd4 5.Qxd4 e6 6.Bc4 Nc6 7.Qe4 Nde7 8.Nf3 Ng6
9.O-O Qc7 10.Re1 Ncxe5 11.Nxe5 Nxe5 12.Bb3 Bd6 13.Na3 f5 14.Qe2 Ng4 15.h3 Bxa3
16.hxg4 Bc5 17.gxf5 O-O 18.fxe6 dxe6 19.Be3 Kh8 20.Bxc5 Qxc5 21.Rad1 b6 22.Rd4 Qf5
23.Bc2 Qf6 24.f3 Rb8 25.Qe4 g6 26.Bb3 Rb7 27.Rd6 Re7 28.Qd3 Rfe8 29.Ba4 Rf8
30.Bc6 Qf5 31.Qxf5 gxf5 32.f4 Kg7 33.Kf2 Kf6 34.b4 Rg8 35.a4 Reg7 36.Re3 Rg4
37.g3 h5 38.Bd5 h4 39.Rdxe6+ Bxe6 40.Rxe6+ Kg7 41.Re7+ Kf8 42.Rf7+ Ke8 43.Rxa7 hxg3+
44.Kg2 R8g7 45.Rxg7 Rxg7 46.Be6 Ra7 47.Kxg3 Rxa4 48.Kh4 Ra3 49.c4 Ra4 50.Kg5 Rxb4
51.Kxf5 Ke7  1/2-1/2

[Event "54th ch-YUG Women"]
[Site "Herceg Novi YUG"]
[Date "2001.03.27"]
[Round "5"]
[White "Ivanovic,J"]
[Black "Dimitrijevic,A"]
[Result "1-0"]
[WhiteElo "2092"]
[BlackElo "2115"]

1.e4 c5 2.c3 Nf6 3.e5 Nd5 4.d4 cxd4 5.Nf3 Nc6 6.Bc4 Nb6 7.Bb3 d5 8.exd6 Qxd6
9.O-O Bf5 10.Nxd4 Nxd4 11.cxd4 e6 12.Nc3 a6 13.Qf3 Be7 14.d5 O-O 15.dxe6 fxe6
16.Rd1 Qb4 17.Qe2 Kh8 18.Bd2 Bd6 19.Be3 Rad8 20.h3 h6 21.Rac1 Qa5 22.Bd4 Nc8
23.Ne4 Bb8 24.Rc5 Qb4 25.Qe3 e5 26.Bxe5 Rxd1+ 27.Bxd1 Bxe5 28.Rxe5 Qxb2 29.Ng3 Bg6
30.Bb3 Nd6 31.Re6 Nb5 32.Re7 Nd6 33.f3 Nf5 34.Nxf5 Qb1+ 35.Kh2 Qxf5 36.Rxb7 Qf6
37.Qe7 Qf4+ 38.Kg1 Qc1+ 39.Kf2 Qd2+ 40.Qe2 Qd4+ 41.Qe3 Qb2+ 42.Kg3 Qf6 43.Rb6 Qf5
44.Rxa6 Be8 45.Rxh6+ gxh6 46.Qxh6+  1-0

[Event "TCh-CHN Women"]
[Site "Suzhou, Jiangsu CHN"]
[Date "2001.03.27"]
[Round "2"]
[White "Liu Shilan"]
[Black "Gu Xiaobing"]
[Result "1-0"]
[WhiteElo "2206"]
[BlackElo "2262"]

1.e4 c5 2.c3 Nf6 3.d3 Nc6 4.Nf3 e5 5.Bg5 Be7 6.Nbd2 d5 7.Be2 O-O 8.O-O b6
9.Re1 Bb7 10.Bf1 Re8 11.a3 a6 12.b4 cxb4 13.cxb4 Nh5 14.Bxe7 Rxe7 15.exd5 Qxd5
16.Nc4 Rd8 17.Nfxe5 Nf4 18.Qg4 Nxe5 19.Nxe5 Qd4 20.Nc6 Bxc6 21.Rxe7 Qxa1
22.Qxf4 Rf8 23.Qd6 Bb5 24.Rb7 h6 25.Rxb6 Qxa3 26.Rb8 Rxb8 27.Qxb8+ Kh7 28.Qf4 Qa1
29.Qe4+ g6 30.f4 Qf6 31.Kf2 Qh4+ 32.Kg1 Qf6 33.d4 Bxf1 34.Kxf1 a5 35.bxa5 Qa6+
36.Kg1 Qxa5 37.h3 Qd2 38.d5 h5 39.h4 Qd1+ 40.Kh2 Qd2 41.Qe5 Qd3 42.d6 Qd1
43.Qe7 Qg4 44.Qxf7+ Kh6 45.Qf6 Kh7  1-0

[Event "Open"]
[Site "Bled SLO"]
[Date "2001.03.28"]
[Round "5"]
[White "Sermek,D"]
[Black "Filippov,V"]
[Result "1/2-1/2"]
[WhiteElo "2515"]
[BlackElo "2619"]

1.e4 c5 2.c3 Nf6 3.e5 Nd5 4.Nf3 Nc6 5.d4 cxd4 6.cxd4 d6 7.Bc4 Nb6 8.Bb3 dxe5
9.d5 Na5 10.Nc3 f6 11.O-O g6 12.Be3 Bd7 13.Nd2 Rc8 14.Qe2 Bg7 15.f4 exf4
16.Bxf4 O-O 17.d6+ e6 18.Bxe6+ Kh8 19.Bxd7 Qxd7 20.Rfe1 Nc6 21.Rad1 g5 22.Be3 Qxd6
23.Nc4 Qe6 24.Nxb6 axb6 25.Bxb6 Qxe2 26.Rxe2 Kg8 27.Ne4 Rfe8 28.Kf1 Ra8 29.a3 f5
30.Nxg5 Rxe2 31.Kxe2 Bxb2 32.Bc5 h6 33.Nf3 Bxa3 34.Bxa3 Rxa3 35.Rb1 Ra2+
36.Ke3 Rxg2 37.Rxb7 Rg4 38.Rc7 Re4+ 39.Kf2 Ne7 40.Nd2 Rf4+ 41.Kg3 Rg4+ 42.Kf3 Kf7
43.Nc4 Ke6 44.Ne3 Rg6 45.Ra7 Nc6 46.Rb7 Ne5+ 47.Kf4 Nd3+ 48.Kf3 Rf6 49.Rb6+ Kf7
50.Rb5 Kg6 51.Rd5 Nb4 52.Rc5 Nc6 53.Nd5 Ne5+ 54.Kg3 Nd7 55.Nf4+ Kh7 56.Rc7 Rf7
57.Nd5 Kg6 58.Kf4 Nf6 59.Rc6 Kg7 60.Nxf6 Rxf6 61.Rc8 Kg6 62.Rg8+ Kh5 63.Rg3 Kh4
64.Ra3 Kh5 65.Rg3 Rf8 66.Rh3+ Kg6 67.Rg3+ Kh5 68.Rg2 Rf6 69.Rg3 Rf8  1/2-1/2

[Event "Open"]
[Site "Bled SLO"]
[Date "2001.03.29"]
[Round "6"]
[White "Skok,J"]
[Black "Jukic,B"]
[Result "0-1"]
[WhiteElo "2079"]
[BlackElo "2386"]

1.e4 c5 2.c3 Nf6 3.e5 Nd5 4.d4 cxd4 5.Nf3 d6 6.cxd4 Nc6 7.Bc4 Nb6 8.Bb5 dxe5
9.Nxe5 Bd7 10.Nxd7 Qxd7 11.O-O e6 12.Nc3 Be7 13.Be3 O-O 14.Qd2 a6 15.Bxc6 Qxc6
16.Rac1 Rac8 17.Rfd1 Nd5 18.Nxd5 Qxd5 19.a3 Rcd8 20.Rc7 Bd6 21.Rc2 f5 22.f4 Rd7
23.Rdc1 h6 24.g3 Bb8 25.Rc5 Qd6 26.Rd1 Ba7 27.Re5 Rfd8 28.d5 Qxe5 29.fxe5 Rxd5
30.Qc3 Bxe3+ 31.Qxe3 Rxd1+ 32.Kg2 R8d2+ 33.Kh3 g5  0-1

[Event "Open"]
[Site "Bled SLO"]
[Date "2001.03.29"]
[Round "6"]
[White "Kos,T"]
[Black "Ilic,S"]
[Result "0-1"]
[WhiteElo "2402"]
[BlackElo "2200"]

1.e4 c5 2.c3 Nf6 3.e5 Nd5 4.d4 cxd4 5.Qxd4 e6 6.Nf3 Nc6 7.Qe4 f5 8.exf6 Nxf6
9.Qh4 d5 10.Bd3 e5 11.Bg6+ Kd7 12.Bc2 Bd6 13.Be3 Kc7 14.Nbd2 h6 15.Qa4 Bd7
16.O-O-O Qe7 17.Qb5 Nd4 18.Qf1 Nxc2 19.Kxc2 Bf5+ 20.Kc1 Qd7 21.Nb3 Qa4 22.Nfd2 Rac8
23.f4 Kb8 24.fxe5 Rxc3+  0-1